| 000 | 00605nam a2200205 a 4500 | ||
|---|---|---|---|
| 005 | 20241106063712.0 | ||
| 008 | 991125s1959 ea 000 0 eng u | ||
| 020 | _a0471758345 | ||
| 035 | _aUPN01000002866 | ||
| 049 | _aCG | ||
| 050 | 4 |
_aQA276 _bS3.2 |
|
| 100 | 1 |
_aScheffé, Henry, _d1907-1977 _941794 |
|
| 245 | 1 | 4 |
_aThe analysis of variance / _cHenry Scheffé. |
| 260 |
_aNew York : _bJ. Wiley, _c1959. |
||
| 300 | _a477 p. | ||
| 440 | 0 | _aWiley series in probability and mathematical statistics | |
| 650 | 4 |
_aEstadística matemática _98767 |
|
| 650 | 4 |
_aCALCULO DE VARIACIONES _94548 |
|
| 905 | _aLibro | ||
| 999 |
_c2866 _d2866 |
||